[Event "Nicolosi Etna op 1st"]
[Site "Nicolosi"]
[Date "2014.12.08"]
[Round "6"]
[White "Signorelli, Gaetano"]
[Black "Furnari, Francesco"]
[Result "1-0"]
[WhiteElo "2091"]
[BlackElo "1850"]
[PlyCount "110"]
[EventDate "2014.12.05"]
[EventType "swiss"]
[EventRounds "7"]
[EventCountry "ITA"]
[SourceTitle "CBM 163 Extra"]
[Source "ChessBase"]
[SourceDate "2014.12.23"]
[SourceVersion "1"]
[SourceVersionDate "2014.12.23"]
[SourceQuality "1"]

1. e4 d5 2. exd5 Qxd5 3. Nf3 Nf6 4. d4 Bf5 5. c4 Qd8 6. Nc3 e6 7. Be3 Be7 8. Bd3 Bxd3 9. Qxd3 Nbd7 10. Rd1 0-0 11. 0-0 a6 12. Rfe1 c6 13. Bf4 Re8 14. h3 h6 15. Qe3 Qa5 16. Ne5 Bf8 17. a3 Nxe5 18. dxe5 Nh7 19. Rd7 Rab8 20. Red1 b5 21. cxb5 cxb5 22. Ne4 Red8 23. b4 Rxd7 24. Rxd7 Qb6 25. Qd3 Qc6 26. Be3 a5 27. Nc5 axb4 28. axb4 Qa8 29. f4 Qc6 30. Ra7 g5 31. f5 exf5 32. Qxf5 Qg6 33. Qd7 Bxc5 34. Bxc5 Qe6 35. Qxe6 fxe6 36. Bd6 Rb6 37. Re7 g4 38. Rxe6 gxh3 39. gxh3 Ng5 40. Re8+ Kf7 41. Re7+ Kg6 42. Kg2 Nf7 43. Re6+ Kh5 44. Rf6 Rb7 45. Bc5 Kg5 46. Be3+ Kh5 47. e6 Ng5 48. h4 Kxh4 49. Rxh6+ Kg4 50. Rg6 Kf5 51. Rxg5+ Kxe6 52. Kf3 Kd6 53. Bc5+ Ke6 54. Ke4 Kf6 55. Rf5+ Ke6 1-0

[Event "Isola di Capo Rizzuto op"]
[Site "Isola di Capo Rizzuto"]
[Date "2014.07.12"]
[Round "6"]
[White "Morelli, Gaetano"]
[Black "Furnari, Francesco"]
[Result "1-0"]
[WhiteElo "1913"]
[BlackElo "1791"]
[PlyCount "105"]
[EventDate "2014.07.07"]
[EventType "swiss"]
[EventRounds "7"]
[EventCountry "ITA"]
[SourceTitle "EXT 2024"]
[Source "ChessBase"]
[SourceDate "2023.10.10"]
[SourceVersion "1"]
[SourceVersionDate "2023.10.10"]
[SourceQuality "1"]

1. e4 d5 2. exd5 Qxd5 3. Nc3 Qa5 4. g3 Nf6 5. Bg2 c6 6. Nf3 Bg4 7. 0-0 e6 8. h3 Bh5 9. a3 Qc7 10. b4 a6 11. Rb1 Be7 12. d3 Nbd7 13. Qe1 0-0 14. a4 Nd5 15. b5 axb5 16. axb5 Nxc3 17. Qxc3 Bf6 18. Qb3 cxb5 19. Qxb5 Bg6 20. Ne1 Rfb8 21. Bf4 e5 22. Bd2 Ra6 23. f4 Rb6 24. Qa5 Qd6 25. Rxb6 Qd4+ 26. Kh1 Nxb6 27. f5 Bh5 28. g4 Bxg4 29. hxg4 Bd8 30. Qb4 Qd7 31. c4 Ra8 32. Qb2 Qe7 33. g5 h6 34. f6 gxf6 35. gxf6 Qe6 36. Bxh6 Bxf6 37. Qf2 Nd7 38. Qg3+ Kh8 39. Qh2 Ra1 40. Be4 Bg7 41. Bd2+ Kg8 42. Qh7+ Kf8 43. Bd5 Nf6 44. Bxe6 Nxh7 45. Rxf7+ Kg8 46. Rxb7+ Kh8 47. Rb8+ Bf8 48. Bc3 Rxe1+ 49. Bxe1 Kg7 50. Bh4 Bc5 51. Rc8 Bd4 52. Bf5 Nf8 53. c5 1-0

[Event "Isola di Capo Rizzuto op"]
[Site "Isola di Capo Rizzuto"]
[Date "2014.07.10"]
[Round "4"]
[White "Proietto, Francesco"]
[Black "Furnari, Francesco"]
[Result "0-1"]
[WhiteElo "1613"]
[BlackElo "1791"]
[PlyCount "40"]
[EventDate "2014.07.07"]
[EventType "swiss"]
[EventRounds "7"]
[EventCountry "ITA"]
[SourceTitle "EXT 2024"]
[Source "ChessBase"]
[SourceDate "2023.10.10"]
[SourceVersion "1"]
[SourceVersionDate "2023.10.10"]
[SourceQuality "1"]

1. e4 d5 2. exd5 Qxd5 3. c4 Qa5 4. Nc3 Nf6 5. Qa4+ Qxa4 6. Nxa4 e5 7. a3 Nc6 8. Ne2 Bf5 9. b4 a5 10. b5 Nd4 11. Nxd4 exd4 12. d3 0-0-0 13. b6 Re8+ 14. Kd2 Bd7 15. Nb2 cxb6 16. h3 Bd6 17. Be2 Re7 18. Bd1 Rhe8 19. a4 Kc7 20. Rb1 Bf4+ 0-1

[Event "St Eufemia d'Aspromonte op-B 4th"]
[Site "St Eufemia d'Aspromonte"]
[Date "2011.01.04"]
[Round "5"]
[White "Furnari, Francesco"]
[Black "Rametta, Marcello"]
[Result "1-0"]
[WhiteElo "1856"]
[BlackElo "1741"]
[PlyCount "51"]
[EventDate "2011.01.02"]
[EventType "swiss"]
[EventRounds "8"]
[EventCountry "ITA"]
[SourceTitle "EXT 2013"]
[Source "ChessBase"]
[SourceDate "2012.11.22"]
[SourceVersion "1"]
[SourceVersionDate "2012.11.22"]
[SourceQuality "1"]

1. e4 c5 2. Nf3 Nc6 3. d4 cxd4 4. Nxd4 Nxd4 5. Qxd4 a6 6. Nc3 e6 7. Bd3 b5 8. 0-0 Bb7 9. e5 Rc8 10. Qg4 h6 11. Ne4 Bxe4 12. Bxe4 d5 13. exd6 Nf6 14. Qf3 Nxe4 15. Qxe4 Bxd6 16. c3 Qc7 17. Qg4 Bxh2+ 18. Kh1 Be5 19. f4 Bf6 20. Be3 Qb8 21. Rad1 b4 22. f5 exf5 23. Rxf5 bxc3 24. bxc3 Bxc3 25. Bc5 Be5 26. Rxe5+ 1-0

[Event "St Eufemia d'Aspromonte op-B 4th"]
[Site "St Eufemia d'Aspromonte"]
[Date "2011.01.03"]
[Round "2"]
[White "Battaglia, Domenica"]
[Black "Furnari, Francesco"]
[Result "0-1"]
[WhiteElo "1509"]
[BlackElo "1856"]
[PlyCount "80"]
[EventDate "2011.01.02"]
[EventType "swiss"]
[EventRounds "8"]
[EventCountry "ITA"]
[SourceTitle "EXT 2013"]
[Source "ChessBase"]
[SourceDate "2012.11.22"]
[SourceVersion "1"]
[SourceVersionDate "2012.11.22"]
[SourceQuality "1"]

1. e4 e5 2. Nf3 Nc6 3. Nc3 Bc5 4. Bc4 Nf6 5. d3 d6 6. h3 0-0 7. Ne2 Na5 8. Bb3 Nxb3 9. axb3 h6 10. Ng3 Qe7 11. Be3 Bxe3 12. fxe3 d5 13. 0-0 dxe4 14. Nxe4 Nxe4 15. dxe4 f6 16. Qe2 Be6 17. Nh4 Kh7 18. Nf5 Qc5 19. Kh2 a6 20. Qf3 Rad8 21. Rac1 Rd2 22. Rf2 Rfd8 23. Rxd2 Rxd2 24. Qg3 g5 25. h4 Rxc2 26. Rxc2 Qxc2 27. hxg5 Bxf5 28. exf5 Qxf5 29. gxh6 Qh5+ 30. Qh3 Qxh3+ 31. Kxh3 Kxh6 32. Kg4 Kg6 33. e4 a5 34. g3 b5 35. Kf3 Kg5 36. Ke3 Kg4 37. Kf2 c5 38. Kg2 a4 39. bxa4 bxa4 40. Kf2 c4 0-1